[Event "FRA-chT2 0910"]
[Site "France"]
[Date "2010.01.24"]
[Round "7.8"]
[White "Pelletier, Rachel"]
[Black "Massery, Renaud"]
[Result "1-0"]
[WhiteElo "1776"]
[BlackElo "1460"]
[PlyCount "90"]
[EventDate "2009.09.27"]
[EventType "team-tourn"]
[EventRounds "11"]
[EventCountry "FRA"]
[SourceTitle "EXT 2011"]
[Source "ChessBase"]
[SourceDate "2010.11.26"]
[SourceVersion "1"]
[SourceVersionDate "2010.11.26"]
[SourceQuality "1"]

1. c4 e5 2. Nc3 Nf6 3. Nf3 Nc6 4. g3 Bc5 5. Bg2 0-0 6. 0-0 Re8 7. a3 a5 8. e3 d6 9. Qc2 Ne7 10. d4 exd4 11. Nxd4 Bxd4 12. exd4 Bf5 13. Qd1 c6 14. Bg5 Nd7 15. Re1 f6 16. Bf4 Nf8 17. g4 Bg6 18. Qd2 Qd7 19. h3 Rad8 20. d5 Bf7 21. Re3 Nfg6 22. Bg3 Ne5 23. b3 g5 24. Ree1 Nc8 25. Qd4 c5 26. Qd2 Na7 27. a4 b6 28. Re2 Nc8 29. Ne4 Qe7 30. f4 gxf4 31. Bxf4 Rd7 32. Bg3 Bg6 33. Bh4 Bxe4 34. Rxe4 Qg7 35. Rf1 Rf8 36. Ref4 Rdf7 37. R4f2 Ng6 38. Bg3 Ne5 39. Be4 Ng6 40. Bf5 Rc7 41. Be6+ Kh8 42. Bxc8 Rcxc8 43. Bxd6 Rfe8 44. Rxf6 Rcd8 45. Qg2 Qg8 1-0

[Event "FRA-chT2 0910"]
[Site "France"]
[Date "2009.12.12"]
[Round "5.8"]
[White "Roger, Juliette"]
[Black "Pelletier, Rachel"]
[Result "1/2-1/2"]
[WhiteElo "1548"]
[BlackElo "1774"]
[PlyCount "61"]
[EventDate "2009.09.27"]
[EventType "team-tourn"]
[EventRounds "11"]
[EventCountry "FRA"]
[SourceTitle "EXT 2011"]
[Source "ChessBase"]
[SourceDate "2010.11.26"]
[SourceVersion "1"]
[SourceVersionDate "2010.11.26"]
[SourceQuality "1"]

1. e4 c5 2. d4 cxd4 3. c3 dxc3 4. Nxc3 Nc6 5. Nf3 g6 6. Bc4 Bg7 7. 0-0 e6 8. Qe2 Nge7 9. Rd1 0-0 10. Bf4 a6 11. e5 Nf5 12. Ne4 b5 13. Bb3 Qb6 14. Nf6+ Kh8 15. Ng5 Bxf6 16. exf6 Qd8 17. Rac1 Ncd4 18. Qe3 Qxf6 19. Rxd4 Qxd4 20. Qxd4+ Nxd4 21. Be5+ Kg8 22. Bxd4 Bb7 23. Rd1 h6 24. Nh3 Bc6 25. f3 f6 26. Nf2 Kg7 27. Bc3 d5 28. Nd3 a5 29. a3 e5 30. Nc5 Rfc8 31. Bxd5 1/2-1/2